Silent death/ (Record no. 59116)
[ view plain ]
| 000 -LEADER | |
|---|---|
| fixed length control field | 00383nam a22001457a 4500 |
| 008 - FIXED-LENGTH DATA ELEMENTS--GENERAL INFORMATION | |
| fixed length control field | 240308b ||||| |||| 00| 0 eng d |
| 020 ## - INTERNATIONAL STANDARD BOOK NUMBER | |
| International Standard Book Number | 9966855467 |
| 050 ## - LIBRARY OF CONGRESS CALL NUMBER | |
| Classification number | HV5767 |
| Item number | .M83 1997 |
| 100 ## - MAIN ENTRY--PERSONAL NAME | |
| Personal name | Mwangi, Kimani |
| 245 ## - TITLE STATEMENT | |
| Title | Silent death/ |
| Statement of responsibility, etc | Kimani Mwangi |
| 260 ## - PUBLICATION, DISTRIBUTION, ETC. (IMPRINT) | |
| Place of publication, distribution, etc | Nairobi |
| Name of publisher, distributor, etc | Uzima |
| Date of publication, distribution, etc | 1997 |
| 300 ## - PHYSICAL DESCRIPTION | |
| Extent | 60 p.; |
| Dimensions | 21 cm. |
| 650 ## - SUBJECT ADDED ENTRY--TOPICAL TERM | |
| Topical term or geographic name as entry element | Cigarette smokers |
| General subdivision | Mortality |
| 942 ## - ADDED ENTRY ELEMENTS (KOHA) | |
| Source of classification or shelving scheme | Library of Congress Classification |
| Item type | Book |
| Withdrawn status | Lost status | Source of classification or shelving scheme | Damaged status | Not for loan | Collection code | Home library | Current library | Shelving location | Date acquired | Source of acquisition | Full call number | Barcode | Date last seen | Copy number | Price effective from | Koha item type | Cost, normal purchase price | Total Checkouts | Date last borrowed |
|---|---|---|---|---|---|---|---|---|---|---|---|---|---|---|---|---|---|---|---|
| Library of Congress Classification | Non-fiction | Bishop Okullu Memorial Library (Limuru Campus) | Bishop Okullu Memorial Library (Limuru Campus) | General Circulation | 08/03/2024 | donation | HV5767 .M83 1997 | 071349 | 08/07/2025 | 3 | 08/03/2024 | Book | 200.00 | 1 | 05/07/2025 | ||||
| Library of Congress Classification | Non-fiction | Bishop Okullu Memorial Library (Limuru Campus) | Bishop Okullu Memorial Library (Limuru Campus) | General Circulation | 08/03/2024 | donation | HV5767 .M83 1997 | 071350 | 22/04/2025 | 4 | 08/03/2024 | Book | 200.00 | 1 | 17/03/2025 | ||||
| Library of Congress Classification | Non-fiction | Nairobi Campus | Nairobi Campus | General Circulation | 08/03/2024 | donation | HV5767 .M83 1997 | 071347 | 08/03/2024 | 1 | 08/03/2024 | Book | |||||||
| Library of Congress Classification | Non-fiction | Nakuru Campus | Nakuru Campus | General Circulation | 08/03/2024 | donation | HV5767 .M83 1997 | 071348 | 08/03/2024 | 2 | 08/03/2024 | Book |